[Event "Chernivtsi op"]
[Site "Chernivtsi"]
[Date "2021.07.23"]
[Round "6"]
[White "Terletsky, Oleg"]
[Black "Novichenko, Oleksandr"]
[Result "1-0"]
[WhiteElo "2195"]
[BlackElo "1734"]
[PlyCount "73"]
[EventDate "2021.07.20"]
[EventType "swiss"]
[EventRounds "9"]
[EventCountry "UKR"]
[SourceTitle "CBM 203 Extra"]
[Source "ChessBase"]
[SourceDate "2021.09.30"]
[SourceVersion "1"]
[SourceVersionDate "2021.09.30"]
[SourceQuality "1"]

1. e4 e5 2. Nf3 Nc6 3. Nc3 d6 4. d4 Bg4 5. d5 Nd4 6. Be3 c5 7. dxc6 bxc6 8. Bxd4 exd4 9. Qxd4 Qb6 10. Qxb6 axb6 11. Nd4 Bd7 12. 0-0-0 g6 13. a4 b5 14. axb5 Ra1+ 15. Kd2 Bh6+ 16. Ke1 Rxd1+ 17. Kxd1 Ne7 18. bxc6 Nxc6 19. Nxc6 Bxc6 20. Bb5 Kd7 21. Bxc6+ Kxc6 22. Ke2 Ra8 23. Kd3 Bg7 24. b3 Ra5 25. Nd5 f5 26. f3 Be5 27. h3 f4 28. Rb1 Ra7 29. Kc4 g5 30. b4 Ra3 31. b5+ Kb7 32. c3 Ra2 33. b6 Rxg2 34. Ra1 h5 35. Ra7+ Kb8 36. Nb4 g4 37. Nc6+ 1-0